00263nam a2200121Ia 45000030006000000080041000060400015000471000010000622450018000722600022000905460012001120050017001240STCL150530s9999 xx 000 0 und d aSTCLcSTCL aDoyle aWhite company bJohn Murrayc1928 aEnglish20220125171057.0